00588nam a2200205Ia 4500003000400000005001700004008004100021040000700062041000800069082001500077100002400092245002600116260002000142300000900162650002200171700002700193942001300220999001900233952013000252OSt20251212121703.0250729s2005 xx 000 0 und d cAL aeng a930.7 KART aKarthik G S9226991 aTeaching of economics aNew Delhic2005 a285p aEconomics9226992 aRao Digumurthi9226993 2ddccBED c237493d237493 00104070aALbALd2025-07-29eSita Book Houseg400.00l0o930.7 KARTpBED02812r2025-07-29 16:55:47v400.00w2025-07-29yBK